LEADER 00893nam0-2200313---450- 001 990009654720403321 005 20121206103958.0 010 $a978-88-7970-551-6 035 $a000965472 035 $aFED01000965472 035 $a(Aleph)000965472FED01 035 $a000965472 100 $a20121206d2012----km-y0itay50------ba 101 0 $aita 102 $aIT 105 $aa---ac--001yy 200 1 $a<>torre in ferro di Gustave Eiffel$fDaniela Lamberini 210 $aFirenze$cEdifir$d2012 215 $a231 p.$cill.$d21 cm 610 0 $aParigi$aTorre Eiffel 610 0 $aCostruzioni metalliche$aArchitettura 700 1$aLamberini,$bDaniela$f<1948- >$040163 801 0$aIT$bUNINA$gRICA$2UNIMARC 901 $aBK 912 $a990009654720403321 952 $aARCH B 2455$b19971$fFARBC 959 $aFARBC 996 $aTorre in ferro di Gustave Eiffel$9841024 997 $aUNINA